| 000 | 00531nam a22001817a 4500 | ||
|---|---|---|---|
| 999 |
_c189208 _d189208 |
||
| 005 | 20220622113744.0 | ||
| 010 | _aENG-133307 | ||
| 020 |
_a9788123778198 _c155.00 |
||
| 035 | _aEN-116839 | ||
| 037 | _bDBAD/PUB | ||
| 082 | _a920 | ||
| 100 | _aBora, Shiela | ||
| 245 |
_aKanaklata Barua/ _cShiela Bora |
||
| 260 |
_aNew Delhi _bNational Book Trust _c2016 |
||
| 270 |
_bNew Delhi _a5 Instituional Area, Phase-II, Vasant Kunj _e110070 |
||
| 300 |
_axv, 100p. _bAppendix _c19cm(pbk) |
||
| 942 |
_2ddc _cEN _h920 _mBOR |
||